|
|
|
|
| LEADER |
00000cam a2200000 i 4500 |
| 003 |
Ucuenca |
| 005 |
20230308182950.0 |
| 006 |
a||||gr|||| 00| 0 |
| 007 |
ta |
| 008 |
000000s1961 ec jjjjgr|||||||||||spa a |
| 040 |
|
|
|b spa
|a UCuenca-cdrjbv
|c UCuenca
|e rda
|
| 041 |
0 |
|
|a spa
|
| 082 |
0 |
|
|2 21
|a 633.51
|c 115820
|
| 100 |
1 |
|
|9 102679
|a Sotomayor Rivera, Manuel.
|e autor
|
| 245 |
|
|
|a Comisión Nacional de Algodón Condal:
|b Informe anual mayo de 1960, mayo de 1961 /
|c Manuel Sotomayor Rivera.
|
| 250 |
|
|
|a Primera edición.
|
| 264 |
|
1 |
|a Manta:
|b CONDAL,
|c 1961.
|
| 300 |
|
|
|a 24 páginas:
|c 35 cm
|b tab
|
| 336 |
|
|
|2 rdacontent
|a texto
|b txt
|
| 337 |
|
|
|2 rdamedia
|a no mediado
|b n
|
| 338 |
|
|
|2 rdacarrier
|a volumen
|b nc
|
| 650 |
1 |
7 |
|a Informe
|2 UCuenca-cdrjbv
|9 7604
|
| 650 |
1 |
7 |
|a Industria textil
|9 12537
|2 UCuenca-cdrjbv
|
| 651 |
|
|
|2 UCuenca-cdrjbv
|
| 852 |
|
|
|a UC-CDJBV
|f Donación
|l 1
|m General
|p 00000000
|q 2,00
|r 2
|t 115820
|b 0
|d CDRC
|e CDRC
|g 633.51 ESTANTERIA CERRADA
|z 0000-00-00
|
| 942 |
|
|
|c BK
|2 ddc
|z paola.amaya@ucuenca.edu.ec
|
| 999 |
|
|
|c 61450
|d 61450
|